Recent developments in psychosomatic medicine / (Record no. 29246)
[ view plain ]
| 000 -LEADER | |
|---|---|
| fixed length control field | 00845nam a22002412 4500 |
| 001 - CONTROL NUMBER | |
| control field | 29246 |
| 003 - CONTROL NUMBER IDENTIFIER | |
| rucl marc code | BD-RjUL |
| 005 - DATE AND TIME OF LATEST TRANSACTION | |
| control field | 20211209051405.0 |
| 008 - FIXED-LENGTH DATA ELEMENTS--GENERAL INFORMATION | |
| fixed length control field | 140402s1954 enka b 001 0 eng d |
| 035 ## - SYSTEM CONTROL NUMBER | |
| System control number | (BD-RjUL)29331 |
| -- | OCLC ocm06524774 from D971017M |
| 040 ## - CATALOGING SOURCE | |
| Original cataloging agency | KSW |
| Transcribing agency | KSW |
| Modifying agency | OCL |
| -- | BD-RjUL |
| Language of cataloging | eng |
| 041 ## - LANGUAGE CODE | |
| Language code of text/sound track or separate title | eng |
| 082 04 - DEWEY DECIMAL CLASSIFICATION NUMBER | |
| Classification number | 616.8908 |
| Edition number | 18 |
| Author mark and year | REC 1954 |
| 245 10 - TITLE STATEMENT | |
| Title | Recent developments in psychosomatic medicine / |
| Statement of responsibility, etc. | edited by Eric D. Wittkower and R. A. Cleghorn. |
| 260 ## - PUBLICATION, DISTRIBUTION, ETC. (IMPRINT) | |
| Place of publication, distribution, etc. | London : |
| Name of publisher, distributor, etc. | I. Pitman & Sons, |
| Date of publication, distribution, etc. | 1954. |
| 300 ## - PHYSICAL DESCRIPTION | |
| Pagination | xvi, 495 p. : |
| Illustrations | ill. ; |
| Size | 24 cm. |
| 504 ## - BIBLIOGRAPHY, ETC. NOTE | |
| Bibliography, etc | Includes bibliographies and index. |
| 650 #0 - SUBJECT ADDED ENTRY--TOPICAL TERM | |
| Topical term or geographic name as entry element | Medicine, Psychosomatic. |
| 9 (RLIN) | 89278 |
| Topical term or geographic name as entry element | Psychosomatic Medicine |
| General subdivision | collected works. |
| 9 (RLIN) | 89279 |
| 700 1# - ADDED ENTRY--PERSONAL NAME | |
| Personal name | Wittkower, Eric David, |
| Dates associated with a name | 1899- |
| Personal name | Cleghorn, Robert Allen, |
| Dates associated with a name | 1904- |
| 942 ## - ADDED ENTRY ELEMENTS (KOHA) | |
| Source of classification or shelving scheme | Dewey Decimal Classification |
| Koha item type | Books |
| Lost status | Source of classification or shelving scheme | Damaged status | Not for loan | Collection code | Permanent Location | Current Location | Shelving location | Date acquired | Source of acquisition | Cost, normal purchase price | Total Checkouts | Full call number | Date last seen | Copy number | Koha item type |
|---|---|---|---|---|---|---|---|---|---|---|---|---|---|---|---|
| Dewey Decimal Classification | Added to bundle | Non-fiction | Central Library, University of Rajshahi | Central Library, University of Rajshahi | Reading Room | 20/01/1962 | B.H Black well. | 4.00 | 616.8908 REC 1954 | 02/04/2014 | C-1 | Books |